U.S. Geological Survey input-data forms for the assessment of the Spraberry Formation of the Midland Basin, Permian Basin Province, Texas, 2017 /

Bibliographic Details
Main Author: Marra, Kristen R. (Author)
Format: Government Document eBook
Language:English
Published: Reston, Virginia : U.S. Department of the Interior, Geological Survey, 2017.
Series:U.S. Geological Survey open-file report ; 2017-1117.
Subjects:
Online Access:https://purl.fdlp.gov/GPO/gpo134059

MARC

Tag First Indicator Second Indicator Subfields
LEADER 00000nam a2200000Ii 4500
001 in00004093607
005 20200408081606.0
006 m o d f
007 cr |||||||||||
008 200224s1978 vauk ob f000 0 eng d
035 |a (OCoLC)on1141771122 
043 |a n-us-tx 
040 |a COP  |b eng  |e rda  |e pn  |c COP  |d OCLCO  |d OCLCF  |d GPO  |d MvI 
049 |a WWW 
074 |a 0624-H (online) 
086 0 |a I 19.76:2017-1117 
100 1 |a Marra, Kristen R.,  |e author. 
245 1 0 |a U.S. Geological Survey input-data forms for the assessment of the Spraberry Formation of the Midland Basin, Permian Basin Province, Texas, 2017 /  |c by Kristen R. Marra. 
246 3 |a United States Geological Survey input data forms for the assessment of the Spraberry Formation of the Midland Basin, Permian Basin Province, Texas, 2017 
264 1 |a Reston, Virginia :  |b U.S. Department of the Interior, Geological Survey,  |c 2017. 
300 |a 1 online resource (iii, 46 pages) :  |b forms. 
336 |a text  |b txt  |2 rdacontent 
337 |a computer  |b c  |2 rdamedia 
338 |a online resource  |b cr  |2 rdacarrier 
490 1 |a Open-file report ;  |v 2017-1117 
588 |a Description based on online resource; title from PDF title screen (USGS web site, viewed on March 24, 2020). 
504 |a Includes bibliographical references (pages 1-2). 
650 0 |a Petroleum reserves  |z Midland Basin (Tex. and N.M.)  |x Evaluation. 
650 0 |a Petroleum reserves  |z Texas  |z Spraberry Formation  |x Evaluation. 
650 0 |a Natural gas reserves  |z Midland Basin (Tex. and N.M.)  |x Evaluation. 
650 0 |a Natural gas reserves  |z Texas  |z Spraberry Formation  |x Evaluation. 
650 7 |a Petroleum reserves  |x Evaluation.  |2 fast  |0 (OCoLC)fst01059834 
651 7 |a Texas  |z Spraberry Formation.  |2 fast  |0 (OCoLC)fst01985378 
651 7 |a United States  |z Midland Basin.  |2 fast  |0 (OCoLC)fst01310085 
710 2 |a Geological Survey (U.S.),  |e issuing body. 
830 0 |a U.S. Geological Survey open-file report ;  |v 2017-1117. 
856 4 0 |u https://purl.fdlp.gov/GPO/gpo134059  |t 0 
999 f f |s b4229fb2-53fe-3ea8-b684-f12be3ba22d4  |i 5a9e3dee-1ea2-3b28-8953-1a0866fe2846  |t 0 
952 f f |a Texas A&M University  |b College Station  |c Electronic Resources  |d Available Online  |t 0  |e I 19.76:2017-1117  |h Superintendent of Documents classification 
998 f f |a I 19.76:2017-1117  |t 0  |l Available Online